| 000 | 006550000a22002050004500 | ||
|---|---|---|---|
| 090 |
_aAR _b00433 |
||
| 245 | 1 | 0 | _aSong learning and production in the white-crowned sparrow: parallels with sexual imprinting |
| 650 | 1 | 4 |
_aAves _992429 |
| 650 | 1 | 4 |
_aOrnitología _993189 |
| 650 | 1 | 4 |
_aReproducción animal _987770 |
| 650 | 1 | 4 |
_aCantos de aves _94496 |
| 650 | 1 | 4 |
_aGorrión _993396 |
| 653 |
_gTaeniopygia _eTaenopygia guttata |
||
| 041 | 0 | _aInglés | |
| 700 | 1 |
_aBell, Douglas A. _993397 |
|
| 700 | 1 |
_aTrail, Pepper W. _993398 |
|
| 100 | 1 |
_aBaptista, Luis F. _993245 |
|
| 942 | _cARTICULO | ||
| 773 | 1 |
_tNetherland Journal of Zoology _3174 _h1-2 _q17-33 _d1993 _g43 |
|
| 999 |
_c9529 _d9529 |
||